000 00628nam a22002417a 4500
003 UA-OsUOA
001 20771
007 ta
008 20031104b un ||||| |||| 00| 0 ukr d
100 _aТюрин Ю.П.
090 _a930.1 (47+57)
_bТ98
942 _cBK
040 _aUA-OsUOA
_brus
_cUA-OsUOA
_dUA-OsUOA
245 _aВоспитание историей
_bКнига для учащихся
300 _a287 с.
_bІлюстрації
955 _a0
041 _arus
080 _a930.1 (47+57)
260 _aМосква
_bПросвещение
_c1987
044 _aRU
650 7 _2UDC
999 _c306955
_d306955